Jiangxi Province Quiz - Statistics

General Stats
  • This quiz has been taken 40 times
  • The average score is 8 of 12
Answer Stats
Hint Answer % Correct
Largest river that flows through Jiangxi Yangtze
88%
Jiangxi is one of the last places where this endangered wild cat was seen South China {tiger}
85%
Capital city Nan{chang}
82%
The Dragon Tiger Mountain is considered to be a birthplace of this religion Taoism
79%
The city of Jingdezhen is famous for producing this kind of ceramics Porcelain
76%
This foreign empire's Zhejiang-Jiangxi campaign killed some 250 000 Chinese civilians in 1942 for harboring American soldiers Japan
73%
Olive-sized orange citrus fruit Kum{quat}
64%
Mao started this "large walk" in Jiangxi in 1934 Long March
61%
Large parts of this scattered 1930s communist state, abbreviated CSR, comprised Jiangxi Chinese {Soviet} Republic
58%
This statistic is most unbalanced in Jiangxi among all provinces, mostly due to infanticide {Sex} ratio
48%
95% of these northern birds winter at Poyang Lake Siberian {crane}
42%
2000 Nobel laureate in literature and author of "The Bus Stop" Gao Xingjian
9%
No matching quizzes found
Score Distribution
Percent of People with Each Score
Percentile by Number Answered
Your Score History
You have not taken this quiz